Environmental engineering (Record no. 5357)

000 -LEADER
fixed length control field 00678nam a2200241 4500
001 - CONTROL NUMBER
control field 5357
003 - CONTROL NUMBER IDENTIFIER
control field BD-DhUET
008 - FIXED-LENGTH DATA ELEMENTS--GENERAL INFORMATION
fixed length control field 141126b xxu||||| |||| 00| 0 eng d
020 ## - INTERNATIONAL STANDARD BOOK NUMBER
International Standard Book Number 0071002316
040 ## - CATALOGING SOURCE
Transcribing agency 0
Modifying agency BD-DhUET
082 ## - DEWEY DECIMAL CLASSIFICATION NUMBER
Classification number 628
Item number PEA/1985
100 ## - MAIN ENTRY--PERSONAL NAME
Personal name Peavy, Howard S
245 ## - TITLE STATEMENT
Title Environmental engineering
250 ## - EDITION STATEMENT
Edition statement 1st ed.
260 ## - PUBLICATION, DISTRIBUTION, ETC. (IMPRINT)
Place of publication, distribution, etc. New york
Name of publisher, distributor, etc. McGraw-Hill
Date of publication, distribution, etc. 1985
300 ## - PHYSICAL DESCRIPTION
Extent xiv,699 p.+various paging
Other physical details ill.
490 ## - SERIES STATEMENT
Series statement McGraw-Hill series in water resources and environmental engineering
504 ## - BIBLIOGRAPHY, ETC. NOTE
Bibliography, etc Includes bibliographies
650 #0 - SUBJECT ADDED ENTRY--TOPICAL TERM
Topical term or geographic name as entry element Environmental engineering
700 ## - ADDED ENTRY--PERSONAL NAME
Personal name Rowe, Donald R.
700 ## - ADDED ENTRY--PERSONAL NAME
Personal name Tchobanoglous, George
942 ## - ADDED ENTRY ELEMENTS (KOHA)
Koha item type General Book
Holdings
Shelving location Date acquired Koha date last seen Koha issues (times borrowed) Piece designation (barcode) Copy number Koha full call number Lost status Koha date last borrowed Sublocation or collection (holding branch) Koha normalized classification for sorting Source of classification or shelving scheme Koha renewals Withdrawn status Not for loan Price effective from Damaged status Location (home branch) Koha item type
Circulation section2014-11-262024-09-089818961628/PEA/1985 2023-12-10Central Library, BUET628PEA1985    2014-11-26 Central Library, BUETGeneral Book
Circulation section2014-11-262024-06-0210818952628/PEA/1985 2024-03-16Central Library, BUET628PEA1985    2014-11-26 Central Library, BUETGeneral Book
Reading section2015-06-182015-06-18 887883628/PEA/1985  Central Library, BUET628_000000000000000_PEA_1985    2015-06-18 Central Library, BUETReading Item
Reading section2015-06-182015-06-18 875794628/PEA/1985  Central Library, BUET628_000000000000000_PEA_1985    2015-06-18 Central Library, BUETReading Item
Circulation section1991-10-282021-11-132818945628/PEA/1985 2020-03-16Central Library, BUET628_000000000000000_PEA_1985    2017-10-31 Central Library, BUETGeneral Book
Rental section1991-10-282024-12-01 81847ক-৫১628 PEA/1985  Central Library, BUET628_000000000000000_PEA_1985    2024-12-01 Central Library, BUETRental Item
Rental section1991-10-282024-12-01 81874ক-৭৮628 PEA/1985  Central Library, BUET628_000000000000000_PEA_1985    2024-12-01 Central Library, BUETRental Item
Rental section1991-10-282024-12-01 81875ক-৭৯628 PEA/1985  Central Library, BUET628_000000000000000_PEA_1985    2024-12-01 Central Library, BUETRental Item
Rental section1991-10-282024-12-01 81876ক-৮০628 PEA/1985  Central Library, BUET628_000000000000000_PEA_1985    2024-12-01 Central Library, BUETRental Item
Rental section1991-10-282024-12-01 81877ক-৮১628 PEA/1985  Central Library, BUET628_000000000000000_PEA_1985    2024-12-01 Central Library, BUETRental Item
Rental section1991-10-282024-12-01 81878ক-৮২628 PEA/1985  Central Library, BUET628_000000000000000_PEA_1985    2024-12-01 Central Library, BUETRental Item
Rental section1991-10-282024-12-01 81879ক-৮৩628 PEA/1985  Central Library, BUET628_000000000000000_PEA_1985    2024-12-01 Central Library, BUETRental Item
Rental section1991-10-282024-12-01 81880ক-৮৪628 PEA/1985  Central Library, BUET628_000000000000000_PEA_1985    2024-12-01 Central Library, BUETRental Item
Rental section1991-10-282024-12-01 81881ক-৮৫628 PEA/1985  Central Library, BUET628_000000000000000_PEA_1985    2024-12-01 Central Library, BUETRental Item
Rental section1991-10-282024-12-01 81882ক-৮৬628 PEA/1985  Central Library, BUET628_000000000000000_PEA_1985    2024-12-01 Central Library, BUETRental Item
Rental section1991-10-282024-12-01 81883ক-৮৭628 PEA/1985  Central Library, BUET628_000000000000000_PEA_1985    2024-12-01 Central Library, BUETRental Item
Rental section1991-10-282024-12-01 81884ক-৮৭628 PEA/1985  Central Library, BUET628_000000000000000_PEA_1985    2024-12-01 Central Library, BUETRental Item